• 首页
  • 本馆介绍
  • 公告通知
  • 最新文献
  • 馆藏检索
  • 电子资源
  • 读者导购
  • 参考咨询
  • 我的图书馆
  • 登录
  • 详细信息显示
  • 放入我的书架
  • 预约/预借图书
  • 作者相关作品
  • 分类相关作品
  • 丛书相关作品
  • 出版社相关作品

书目信息

  • 表格格式
  • 工作单格式
  • 卡片格式
题名:
物质结构
    
 
作者: 纪尼叶 , Guinier 著 ;刘琳 , 邱举良 , 林磊 译
分册:  
出版信息: 北京   科学出版社  1985
页数: 366页
开本: 19cm
丛书名:
单 册:
中图分类: O552.5
科图分类:
主题词: 物质结构
电子资源:
ISBN:
000 00853nam0 2200301 45
001 0185010967
005 20060818172553.73
010    @dCNY2.20
091    @aCN@b3031.2805
100    @a19900904d1985 emky0chiy0121 ea
101 1  @achi@cfre
102    @aCN@b110000
105    @ay z 000yy
200 10 @a物质结构@Awu zhi jie gou@e从蓝天到塑料@f(法)纪尼叶(Guinier,A.)著@g林磊等译
210    @a北京@c科学出版社@d1985
215    @a366页@d19cm
300    @a书名原文: La structure de la matiere
510 1  @aLa structure de la matiere@zfre
606    @a物质结构
690    @aO552.5@v3
701  1 @a纪尼叶@Aji ni ye@bA.@4著
701 A1 @aGuinier@bA.@4著
702  0 @a刘琳@Aliu lin@4译
702  0 @a邱举良@Aqiu ju liang@4译
702  0 @a林磊@Alin lei@4译
801  2 @aCN@bNLC@c20060818
801  0 @aCN@bTSSF
905    @a10447@dO552.5@e33
    
    物质结构:从蓝天到塑料/(法)纪尼叶(Guinier,A.)著/林磊等译.-北京:科学出版社,1985
    366页;19cm
    书名原文: La structure de la matiere
    
    ISBN :CNY2.20
    
●
相关链接 在E读中查询图书 在五车中查询图书 在当当中查询图书 在豆瓣中查询图书


正题名:物质结构     索取号:O552.5/33         预约/预借

序号 登录号 条形码 馆藏地/架位号 状态 备注
1 0468787   204687874   密集书库/ [索取号:O552.5/33] 在馆    
唐山师范学院图书馆 欢迎您!
大连网信软件有限公司© 版权所有